| 000 | 01075cam a22003257i 4500 | ||
|---|---|---|---|
| 001 | 200434658 | ||
| 003 | TR-AnTOB | ||
| 005 | 20240805132713.0 | ||
| 007 | ta | ||
| 008 | 181203b2009 xxua|||| |||| 00| 0 tur d | ||
| 020 | _a9782915482072 | ||
| 040 |
_aTR-AnTOB _beng _erda _cTR-AnTOB _dTR-AnTOB |
||
| 041 | 0 |
_afre _aeng |
|
| 050 | 4 | _aDC943.A1 | |
| 090 |
_aDC943.A1 _bK67 2009 |
||
| 100 | 1 |
_aKöprülü, Tuna Aksoy _4author _9122933 |
|
| 245 |
_aD'Albert Ier à Albert II = From Albert I to Albert II / _cTuna Aksoy Köprülü. |
||
| 264 | 1 |
_aMonaco : _bépi Éditions, _c2009. |
|
| 264 | 4 | _c©2009 | |
| 300 |
_a195 pages : _bcolor illustrations, portraits, facsimiles ; _c29 cm. |
||
| 336 |
_atext _btxt _2rdacontent |
||
| 337 |
_aunmediated _bn _2rdamedia |
||
| 338 |
_avolume _bnc _2rdacarrier |
||
| 600 | 0 | 0 |
_aAlbert, _bI, _cPrince of Monaco, _d1848-1922 _9122935 |
| 600 | 0 | 0 |
_aAlbert, _bII, _cPrince of Monaco, _d1958- _9122936 |
| 650 | 0 |
_aPrinces _zMonaco _vPortraits _9123181 |
|
| 650 | 0 |
_aPrinces _zMonaco _vBiography _9122937 |
|
| 942 |
_2lcc _cBK |
||
| 999 |
_c200434658 _d52870 |
||